00655nam a2200181 i 450000100060000000300090000600500170001500700030003200800410003510000390007624501150011525000120023026000380024230000220028085200320030299900170033495201220035127897ES-MaACL20230906153727.0t|030115s1973 sp ||||1| cat d1 aBalbastre y Ferrer, José.92484210aRecull de modismos i frases fetes b: . Catalá-castellá. Castellá-catalá / cJosep Balbastre i Ferrer. a1ª ed. a[Barcelona : bPáortic, c1973] a254 p. ; c18 cm. aES-MaACLjC-54426 bR.87210 c27897d27897 00104070aATENEOMbATENEOMcDEPO2d2008-01-17eSCl0oC-54426p1028804r2023-02-23 00:00:00w2023-02-23yMONOGRAFIA